Pedagogická komunikácia a jej aplikácia v danom predmete = The pedagogic communication and its application in a given subject : Diplomová práca

Gespeichert in:
Bibliographische Detailangaben
1. Verfasser: Hrab, Miroslav (Verfasst von)
Weitere Verfasser: Bernát, Libor (xxx)
Format: Manuskript Buch
Sprache:Slowakisch
Veröffentlicht: Trnava : STU v Bratislave MTF UIPH, 2009
Schlagworte:
Tags: Tag hinzufügen
Keine Tags, Fügen Sie das erste Tag hinzu!

MARC

LEADER 00000ntm a22000003a 4500
001 stu182410
005 20160719154348.6
008 090330s2009----xo------------------slo-d
040 |a STU  |b slo 
041 0 |a slo 
044 |a xo 
100 1 |a Hrab, Miroslav  |4 aut 
245 1 |a Pedagogická komunikácia a jej aplikácia v danom predmete = The pedagogic communication and its application in a given subject :  |b Diplomová práca 
260 |a Trnava :  |b STU v Bratislave MTF UIPH,  |c 2009 
300 |a 74 s  |c príl (1 CD-ROM) 
500 |a Študijný odbor: 1.1.2 učiteľstvo profesijných predmetov a praktickej prípravy 
500 |a Študijný program: učiteľstvo technických profesijných predmetov 
650 7 |a pedagogická komunikácia  |2 stusub 
700 1 |a Bernát, Libor  |4 xxx  |u M7000  |T MTF Ústav inžinierskej pedagogiky a humatitných vied  |U M7000  |Y M7000 
996 |b 284M070140  |c M*DP-7862  |l MMSKP  |s P  |a 0  |w stu182410_0001